<?xml version="1.0" encoding="UTF-8"?>
<record
    xmlns:xsi="http://www.w3.org/2001/XMLSchema-instance"
    xsi:schemaLocation="http://www.loc.gov/MARC21/slim http://www.loc.gov/standards/marcxml/schema/MARC21slim.xsd"
    xmlns="http://www.loc.gov/MARC21/slim">

  <leader>01467    a2200205   4500</leader>
  <controlfield tag="001">37439</controlfield>
  <controlfield tag="005">20260407155642.0</controlfield>
  <controlfield tag="008">260407a1962    arg                 spa d</controlfield>
  <controlfield tag="003">AR-UNSa-BCEJYS</controlfield>
  <datafield tag="040" ind1=" " ind2=" ">
    <subfield code="a">AR-UNSa-BCEJYS</subfield>
    <subfield code="b">spa</subfield>
    <subfield code="c">AR-UNSa-BCEJYS</subfield>
  </datafield>
  <datafield tag="080" ind1=" " ind2=" ">
    <subfield code="a">658.7</subfield>
    <subfield code="x">Compras. Aprovisionamiento. Gesti&#xF3;n de existencias</subfield>
  </datafield>
  <datafield tag="245" ind1="1" ind2="0">
    <subfield code="a">Las compras</subfield>
    <subfield code="p">principios y aplicaciones</subfield>
  </datafield>
  <datafield tag="264" ind1=" " ind2="1">
    <subfield code="a">Barcelona :</subfield>
    <subfield code="b">Omega</subfield>
    <subfield code="c">1962</subfield>
  </datafield>
  <datafield tag="300" ind1=" " ind2=" ">
    <subfield code="a">574 p.</subfield>
    <subfield code="c">22 cm.</subfield>
  </datafield>
  <datafield tag="505" ind1=" " ind2=" ">
    <subfield code="a">1. La funci&#xF3;n compradora - 2. La compra y la direcci&#xF3;n - 3. Organizaci&#xF3;n de las compras - 4. La compra de la calidad requerida - 5. Sistematizaci&#xF3;n - 6. Inspecci&#xF3;n del control de calidad - 7. La compra de la cantidad correcta - 8. Compras anticipadas - 9. Control de almacenes - 10. Las compras al precio correcto - 11. Selecci&#xF3;n de la fuente correcta - 12. An&#xE1;lisis del valor - 13. Fabricar o comprar - 14. Compra del equipo principal - 15. Procedimiento de compras - 16. Procedimiento de datos integrados - 17. Pol&#xED;ticas de compras - 18. La &#xE9;tica en las compras - 19. Aspectos legales de la compra - 20. Cancelaci&#xF3;n del contrato - 21. Disposici&#xF3;n de los excedenes, salvamentos y desperdicios - 22. La indignaci&#xF3;n en las compras - 23. Personal de compras - 24. Presupuestos de compras - 25. Evaluaci&#xF3;n de la activaci&#xF3;n de compras - 26. Estudio de casos sobre compras.</subfield>
  </datafield>
  <datafield tag="942" ind1=" " ind2=" ">
    <subfield code="c">BK</subfield>
  </datafield>
  <datafield tag="590" ind1=" " ind2=" ">
    <subfield code="a">niveau_biblio:m niveau_hierar:0</subfield>
  </datafield>
  <datafield tag="100" ind1="1" ind2=" ">
    <subfield code="a">Heinritz, Stuart F.</subfield>
  </datafield>
  <datafield tag="700" ind1="1" ind2=" ">
    <subfield code="a">Scholz, Manuel</subfield>
  </datafield>
  <datafield tag="999" ind1=" " ind2=" ">
    <subfield code="c">2756</subfield>
    <subfield code="d">2756</subfield>
  </datafield>
  <datafield tag="952" ind1=" " ind2=" ">
    <subfield code="0">0</subfield>
    <subfield code="1">0</subfield>
    <subfield code="4">0</subfield>
    <subfield code="7">0</subfield>
    <subfield code="a">BCEJYS</subfield>
    <subfield code="b">BCEJYS</subfield>
    <subfield code="c">16</subfield>
    <subfield code="d">2026-04-07</subfield>
    <subfield code="l">0</subfield>
    <subfield code="o">658.7 H469</subfield>
    <subfield code="p">L12284</subfield>
    <subfield code="r">2026-04-07 15:56:42</subfield>
    <subfield code="w">2026-04-07</subfield>
    <subfield code="y">L</subfield>
  </datafield>
</record>
